00564nam a2200169Ia 4500008004100000020001800041041000800059082001600067100004000083245002100123250000600144260004200150300001300192650004000205999001900245952013000264210716s2016 xx 000 0 und d a9788126519071 aeng a519.86 KULV aKulkarni, Vinay A; Bewoor, Anand K. aQuality control. a1 aNew Del;hibWiley India Pvt Ltdc2016 axvii,373 aQuality Control & Other Statistical c197298d197298 001040708MCAaAIMITbAIMITeKnowledge Worldg649.00l0o519.86 KULVpMCA16813r2025-07-21 00:00:00v486.75w2021-07-16yBK